| 000 | 00943cam a2200229 4500 | ||
|---|---|---|---|
| 001 | WB3633-01 | ||
| 008 | 000000n2000 000 0 eng u | ||
| 035 | _a(Sirsi) u107947 | ||
| 245 | _aBugs feel heat in antique saunas | ||
| 260 | _c2000 | ||
| 490 |
_aGuardian _v 21 August 2000, 26(1) |
||
| 520 | _aAntique objects in English Heritage care, are being treated in a slow-heating woodlined oven to rid them of pests such as the carpet mite. The slow heating of the new method means that every section of an infested item gets reached, whilst the damp heat also prevents delicate objects from drying out. The trials have cost and environmental significance for the way fixtures and fittings are treated. | ||
| 590 | _aWB | ||
| 650 | _aPESTS | ||
| 650 | _aENGLISH HERITAGE | ||
| 650 | _aINSECTICIDES | ||
| 650 | _aSAUNAS | ||
| 650 | _aINSECT DAMAGE | ||
| 650 | _aHEAT TREATMENT | ||
| 690 |
_aArts and antiques _96217 |
||
| 942 | _n0 | ||
| 999 |
_c64482 _d64482 |
||